ბათუმის შოთა რუსთაველის სახელმწიფო უნივერსიტეტის ბიბლიოთეკა

Монтер связи абонентских устроиств городских телефонных сетей. (ბიბ.ჩანაწერი № 40883)

000 -LEADER
fixed length control field 00760nam a2200217Ia 4500
001 - CONTROL NUMBER
control field 7527
003 - CONTROL NUMBER IDENTIFIER
control field GE_BSU
008 - FIXED-LENGTH DATA ELEMENTS--GENERAL INFORMATION
fixed length control field 181216s||||||||xx |||||||||||||| ||und||
040 ## - CATALOGING SOURCE
Transcribing agency GE_BSU
080 ## - UNIVERSAL DECIMAL CLASSIFICATION NUMBER
Universal Decimal Classification number 621.395(075.32)
100 ## - MAIN ENTRY--PERSONAL NAME
Personal name Зуев,Г.А. Хачиров,Л.И.
245 ## - TITLE STATEMENT
Title Монтер связи абонентских устроиств городских телефонных сетей.
245 ## - TITLE STATEMENT
Remainder of title Учеб. пособ.
245 ## - TITLE STATEMENT
Statement of responsibility, etc. ред. Г.А.Сильвестрович.
260 ## - PUBLICATION, DISTRIBUTION, ETC.
Place of publication, distribution, etc. М.
260 ## - PUBLICATION, DISTRIBUTION, ETC.
Name of publisher, distributor, etc. Высш. школа.
260 ## - PUBLICATION, DISTRIBUTION, ETC.
Date of publication, distribution, etc. 1970.
300 ## - PHYSICAL DESCRIPTION
Extent 296стр.20см.с илл.
653 ## - INDEX TERM--UNCONTROLLED
Uncontrolled term Монтер связи абонентских устроиств городских телефонных сетей.
942 ## - ADDED ENTRY ELEMENTS (KOHA)
Koha item type წიგნი
ეგზემპლარები
Withdrawn status Lost status Damaged status Not for loan Date acquired Barcode Date last seen Price effective from Koha item type
        2018-12-17 10146 2018-12-17 2018-12-17 წიგნი